00930cam a22002411 4500001001300000003000400013005001700017008004100034010001700075035001900092040003400111042001200145050001600157100004700173245005200220260011200272300001800384490009000402500007200492650003100564830007600595999001700671sd 65000006 DLC20260227112737.0771006r1965uuuudcu f000 0 eng c asd 65000006  a(OCoLC)3321819 aU. S. Dept. of StatecMHdDLC apremarc00aD844b.R6451 aRostow, W. W.q(Walt Whitman),d1916-2003.10aRegional organization:ba planners perspective. a[Washington]bDept. of State; [for sale by the Superintendent of Documents, U. S. Govt. Print. Off.,c1965] a16 p.c22 cm.1 a[United States] Dept. of State. Publication 7923. General foreign policy series,v203 a"Reprinted from the Department of State bulletin of June 21, 1965." 0aWorld politicsy1965-1975. 0aDepartment of State publication.pGeneral foreign policy series ;v203. c90102d90102